000 00571nam a2200169 a 4500
008 120416s1974 ||||||||||||||||| || u
050 _aPE 1408 Leg
100 _aCharvat, William
245 1 0 _aPrentice-Hall handbook for writers
250 _a6th ed.
260 _aEnglewood Cliffs, N.J.
_bFT Prentice-Hall
_c1974
350 _a0.00
650 _aWRITERS
650 _aWRITERS--HANDBOOKS, MANUALS, ETC
700 _aLeggett, Glenn
995 _D0.00
_FCBU-MAIN LIBRARY (Kitwe)
_H1
_I11.95
_M1
_UREFERENCE
_ZReference Collection
999 _c54381
_d54381